Statistiques concernant Les films se déroulant sur une île

Cliquez ici pour prendre le quiz!

Statistiques générales

  • Ce quiz a été pris 72 fois
  • Le résultat moyen est 7 sur 16

Statistiques - réponses

Réponse% Correct
Jurassic Park
94%
King Kong
94%
Vaiana - La légende du bout du monde
93%
Les Dents de la Mer
87%
Shutter Island
78%
Seul au Monde
76%
Mamma Mia !
54%
Battle Royale
44%
L'Île aux Chiens
29%
La Tortue Rouge
21%
La Ligne Rouge
18%
Moonrise Kingdom
16%
Swiss Army Man
9%
Sa Majesté des Mouches
6%
Les Naufragés
3%
L'Île Rouge
1%

Distribution des résultats

Percentile par nombre de réponses

% des personnes avec chaque résultat

Votre développement - résultats

Vous n’avez pas pris ce quiz